000 00533nam a2200169 a 4500
001 000037968
005 20201002031138.0
008 130311s1972 sp 000 0 spa d
020 _a8427405278 (Obra completa)
040 _aDO-SdBNP
_bspa
_cBNPHU
082 _axxxx
_bxxxx
245 0 0 _aEnciclopedia universo /
_cdirección José María Gonzalez Porto.
260 _aBarcelona :
_bMontaner y Simón,
_c1972.
300 _av. ;
_c25 cm.
500 _aLa biblioteca posee el v. 2,3 y5
700 1 _aGonzález Porto, José María
_964378
999 _c37458
_d37458